000 00705nam a2200229Ia 4500
003 OSt
005 20220925201854.0
006 a|||||r|||| 00| 0
007 ta
008 220923b |||||||| |||| 00| 0 eng d
037 _cGeneral Book
040 _aRTL
_cRTL
_beng
041 _2eng
_aeng
082 _aX,d,2,N56r, P0/GD
110 _aNATIONAL COUNCIL OF APPLIED ECONOMIC RESEARCH.
_9141110
245 0 _aAnnual report 1997-2000.
260 _aDelhi
_bNational Council of Applied Economic Research.
_c2000
300 _a145p.
_ccm.
700 _aNATIONAL COUNCIL OF APPLIED ECONOMIC RESEARCH.
_9141111
942 _hX,d,2,N56r, P0/GD
_cGB
_2CC
999 _c541557
_d541557